Practical Manual of Biotechnology (Record no. 8393)

MARC details
000 -LEADER
fixed length control field 00349nam a2200121Ia 4500
008 - FIXED-LENGTH DATA ELEMENTS--GENERAL INFORMATION
fixed length control field 191201s2010 xx 000 0 und d
100 ## - MAIN ENTRY--PERSONAL NAME
Personal name Mahajan,Ritu & Other
245 #0 - TITLE STATEMENT
Title Practical Manual of Biotechnology
260 ## - PUBLICATION, DISTRIBUTION, ETC. (IMPRINT)
Name of publisher, distributor, etc Vayu Education India
Place of publication, distribution, etc New Delhi
Date of publication, distribution, etc 2010
300 ## - PHYSICAL DESCRIPTION
Extent 586
650 ## - SUBJECT ADDED ENTRY--TOPICAL TERM
Topical term or geographic name as entry element Applied Biochemistry & Clinical Chemistry
942 ## - ADDED ENTRY ELEMENTS (KOHA)
Source of classification or shelving scheme Dewey Decimal Classification
Koha item type Text Books
Holdings
Withdrawn status Lost status Source of classification or shelving scheme Damaged status Not for loan Collection code Home library Current library Date acquired Source of acquisition Cost, normal purchase price Bill Number Total Checkouts Acc. no. / Barcode Date last seen Actual Cost, discounted price Bill Date Koha item type
    Dewey Decimal Classification     Diploma in Pharmacy PIET C-LIBRARY PIET C-LIBRARY 26/03/2019 Kirti Prakashan 325.00 IN 3253   DP730 04/12/2019 211.25 18/03/2019 Text Books
    Dewey Decimal Classification     Diploma in Pharmacy PIET C-LIBRARY PIET C-LIBRARY 26/03/2019 Kirti Prakashan 325.00 IN 3253   DP731 04/12/2019 211.25 18/03/2019 Text Books
    Dewey Decimal Classification     Diploma in Pharmacy PIET C-LIBRARY PIET C-LIBRARY 26/03/2019 Kirti Prakashan 325.00 IN 3253   DP732 04/12/2019 211.25 18/03/2019 Text Books

Design & Developed by: PIET Central Library
R70 Miles Stone Pattikalyana Samalkha Panipat 132102
mail ID :- [email protected], Phone No:- 0180-2569700 Ex.216